| 000 | 00593nam a2200217 i 4500 | ||
|---|---|---|---|
| 001 | bgj | ||
| 100 | 1 | _aPOE, Edgar Allan. | |
| 245 | 1 | 0 |
_aSelected Tales / _cEdgar Allan Poe. |
| 250 | _aPenguin/Godfrey Cave edition. | ||
| 260 |
_aLondon : _bPenguin Books, _c1994. |
||
| 300 |
_a496 pp ; _c18 cm. |
||
| 490 | 1 | _aPenguin Popular Classics | |
| 650 | 9 |
_aAmerican fiction _y19th century |
|
| 830 | _aPenguin Popular Classics | ||
| 020 | _a0140621164 (pbk) | ||
| 040 | _cBPK | ||
| 041 | 0 | _aeng | |
| 920 | _a0-14-062116-4 (pbk) | ||
| 942 | _cKS | ||
| 008 | s uk f |000 0 eng | ||
| 999 |
_c48017 _d48017 |
||
| 856 |
_uhttp://koha.tu.koszalin.pl/cgi-bin/koha/opac-detail.pl?biblionumber=48017 _yKatalog online BPK |
||